Statystyki dla Najpopularniejsze sklepy w Polsce

Kliknij tutaj aby rozwiązać quiz!

Ogólne statystyki

  • Ten quiz został rozwiązany 102 razy
  • Średni wynik to 8 z 18

Statystyki odpowiedzi

Odpowiedź% Poprawnych
2 Najpopularniejszy sklep spożywczyLidl
100%
1 Najpopularniejszy sklep spożywczyBiedronka
99%
1 Najpopularniejsza drogeriaRossmann
62%
2 Najpopularniejsza drogeriaHebe
60%
2 Najpopularniejszy sklep z odzieżą i butamiCCC
49%
2 Najpopularniejszy sklep sieci dom i ogródCastorama
48%
1 Najpopularniejszy sklep z odzieżą sportowąNike
46%
3 Najpopularniejszy sklep spożywczyAuchan
45%
1 Najpopularniejszy sklep sieci dom i ogródIKEA
41%
2 Najpopularniejszy sklep z odzieżą sportową4F
35%
3 Najpopularniejszy sklep sieci dom i ogródLeroy Merlin
34%
1 Najpopularniejszy sklep niespożywczy, detalicznyPepco
33%
3 Najpopularniejszy sklep z odzieżą sportowąDecathlon
28%
2 Najpopularniejszy sklep niespożywczy, detalicznyAction
26%
1 Najpopularniejszy sklep z odzieżą i butamiRESERVED
24%
3 Najpopularniejszy sklep z odzieża i butamiSinsay
18%
3 Najpopularniejszy sklep niespożywczy, detalicznyDealz
16%
3 Najpopularniejsza drogeriaSuper-Pharm
12%

Rozkład punktacji

Percentyl według liczby udzielonych odpowiedzi

Procent ludzi z każdym wynikiem

Twoja historia wyników

Nie rozwiązałeś tego quizu